00341 a2200109 4500001000900000005001700009008004100026245005600067100002100123700002400144773006300168ART_796120260410161638.0260409a 10aRégimen de retención a trabajadores autonómos1 aLorenzo, Armando1 aCavalli, César M.0 tConsultor tributariog- Vol. 2, Nº 18 (ago. 2008)wREV474